| 000 | 01229nam a2200277Ia 4500 | ||
|---|---|---|---|
| 999 |
_c34552 _d34552 |
||
| 001 | 312 | ||
| 003 | GE_BSU | ||
| 005 | 20200130111145.0 | ||
| 008 | 181216s2001||||ge |||||||||||||| ||geo|| | ||
| 020 | _a9992884592 | ||
| 040 | _cGE_BSU | ||
| 041 | _ageo | ||
| 080 | _a616-097(075.8) ბ-97 | ||
| 100 |
_aბურკაძე, გიორგი _93253 |
||
| 245 |
_aიმუნომორფოლოგია. ნორმა. პათოლოგია : _bსახელმძღვ. უმაღლ. სამედ. სასწ. სტუდ. / _cგიორგი ბურკაძე; რედ. ომარ ხარძეიშვილი. |
||
| 264 |
_aთბილისი: _bსანი, _c2001. |
||
| 300 |
_a317 გვ.: _b ილ. ; _c22 სმ. |
||
| 504 | _aბიბლიოგრ.: გვ. 317. | ||
| 541 | _h40 ლ. | ||
| 653 | _aიმუნომორფოლოგია | ||
| 653 | _aმედიცინა | ||
| 653 | _a იმუნოპათოლოგია | ||
| 653 | _aიმუნოდეფიციტური სინდრომები | ||
| 700 |
_a ხარძეიშვილი, ომარ _eრედაქტორი _96518 |
||
| 942 |
_cBK _2udc |
||